Scholarly reporting in the humanites

Guardat en:
Dades bibliogràfiques
Autor principal: Mckeen Wiles, Roy
Format: Llibre
Idioma:English
Publicat: Toronto, Canadá University of Toronto Press 1968
Edició:4
Matèries:
Etiquetes: Afegir etiqueta
Sense etiquetes, Sigues el primer a etiquetar aquest registre!

MARC

LEADER 00000nam a2200000Ia 4500
008 170316s9999 xx 000 0 eng d
040 |a cru BVZT 
090 |a 818 M-14s 
100 |a Mckeen Wiles, Roy 
245 |a Scholarly reporting in the humanites 
250 |a 4 
260 |a Toronto, Canadá 
260 |b University of Toronto Press 
260 |c 1968 
300 |a 58 páginas 
650 |a LITERATURA CANADIENSE 
999 |c 6552  |d 6552 
942 |c 15 D  |h 818 M-14s  |2 z